[Event "Gipuzkoako Txapelketa Nagusia"]
[Site "Donostia"]
[Date "2008.11.29"]
[Round "6.1"]
[White "Rodriguez Cabrera, Fco  Javier"]
[Black "Nogues Fernandez, Ramon"]
[Result "1-0"]
[WhiteElo "1909"]
[BlackElo "1824"]
[PlyCount "37"]
[EventDate "2008.10.25"]
[EventRounds "7"]
[EventCountry "ESP"]

1. e4 e5 2. Nf3 Nc6 3. d4 exd4 4. Nxd4 Bc5 5. Nxc6 Qf6 6. Qe2 dxc6 7. Nc3 Be6
8. Be3 Qe7 9. O-O-O Rd8 10. Rxd8+ Kxd8 11. f4 Nf6 12. Qf2 Bxe3+ 13. Qxe3 a6 14.
a3 Bf5 15. Qa7 Nxe4 16. Bd3 Re8 17. Bxe4 Qf6 18. Bxf5 Qxf5 19. Qb8+ 1-0

[Event "Gipuzkoako Txapelketa Nagusia"]
[Site "Donostia"]
[Date "2008.11.29"]
[Round "6.1"]
[White "Kuende Gorostidi, Jon"]
[Black "Zubia Aramburu, Mikel"]
[Result "1-0"]
[WhiteElo "1826"]
[BlackElo "1895"]
[PlyCount "71"]
[EventDate "2008.10.25"]
[EventRounds "7"]
[EventCountry "ESP"]

1. e4 c6 2. d4 d5 3. exd5 cxd5 4. c4 Nf6 5. Nc3 Nc6 6. Bg5 Be6 7. Nf3 h6 8.
Bxf6 gxf6 9. Qb3 dxc4 10. Qxb7 Na5 11. Qa6 Bc8 12. Qb5+ Bd7 13. Qh5 Rb8 14. Rb1
Rg8 15. h3 e6 16. Nd2 Rg5 17. Qe2 Bb4 18. Nce4 Rgb5 19. a3 Bxa3 20. Qf3 f5 21.
Qxa3 fxe4 22. Nxe4 Rb3 23. Qc5 Qb6 24. Nf6+ Kd8 25. Qf8+ Kc7 26. Qxf7 Qxd4 27.
Rd1 Qe5+ 28. Be2 Rxb2 29. Qxd7+ Kb6 30. Rd6+ Kc5 31. Qc7+ Kb4 32. Rb6+ Rxb6 33.
Qxe5 Rb1+ 34. Bd1 c3 35. O-O Nc4 36. Qe4 1-0

[Event "Gipuzkoako Txapelketa Nagusia"]
[Site "Donostia"]
[Date "2008.12.06"]
[Round "7.1"]
[White "Olaizola Ortega, Luis"]
[Black "Martin Alvarez, Inigo"]
[Result "0-1"]
[WhiteElo "2205"]
[BlackElo "2212"]
[PlyCount "82"]
[EventDate "2008.10.25"]
[EventRounds "7"]
[EventCountry "ESP"]

1. c4 Nf6 2. Nf3 c5 3. g3 b6 4. Bg2 Bb7 5. O-O g6 6. Nc3 Bg7 7. d4 cxd4 8. Nxd4
Bxg2 9. Kxg2 Qc7 10. b3 h5 11. f3 d6 12. e4 h4 13. g4 Nbd7 14. Be3 h3+ 15. Kg1
Qb7 16. Rc1 Rc8 17. Nd5 Ne5 18. Bg5 Nxd5 19. exd5 Qd7 20. Kf2 O-O 21. Kg3 f5
22. Ne6 fxg4 23. f4 Nf3 24. Qd3 Rf5 25. Kxg4 Nxh2+ 26. Kxh3 Nxf1 27. Rxf1 Bf6
28. Kg2 Bxg5 29. fxg5 Rcf8 30. Qc3 Qxe6 31. dxe6 Rxf1 32. Qd4 R1f5 33. Qe4
Rxg5+ 34. Kh3 Rgf5 35. Qb7 Rf3+ 36. Kg4 R8f4+ 37. Kg5 Rf5+ 38. Kxg6 Rf6+ 39.
Kg5 Rg3+ 40. Kh4 Rg1 41. Kh5 Rf2 0-1

[Event "Gipuzkoako Txapelketa Nagusia"]
[Site "Donostia"]
[Date "2008.12.06"]
[Round "7.1"]
[White "Argandona Riveiro, Inigo"]
[Black "Garro Beraza, Haritz"]
[Result "1-0"]
[WhiteElo "2385"]
[BlackElo "2032"]
[PlyCount "105"]
[EventDate "2008.10.25"]
[EventRounds "7"]
[EventCountry "ESP"]

1. d4 Nf6 2. Nf3 g6 3. c4 d6 4. Nc3 Bg7 5. e4 O-O 6. Be3 e5 7. dxe5 dxe5 8.
Qxd8 Rxd8 9. Nd5 Nxd5 10. cxd5 c6 11. Bc4 b5 12. Bb3 Bb7 13. Rc1 h6 14. O-O a5
15. a3 a4 16. Ba2 cxd5 17. Rc7 Rd7 18. Rxb7 Rxb7 19. Bxd5 Raa7 20. Bxa7 Rxa7
21. Rc1 Na6 22. Rc8+ Kh7 23. h4 b4 24. Bc4 bxa3 25. bxa3 Bh8 26. g4 Bg7 27. Kg2
Bh8 28. h5 Bg7 29. Kh3 Bh8 30. Nh4 Bf6 31. Bxf7 gxh5 32. Bg8+ Kg7 33. Nf5+ Kg6
34. gxh5+ Kxh5 35. Bc4 Kg6 36. Ne3 Nc7 37. Ng4 Bg7 38. Rd8 Na8 39. Ne3 Kh7 40.
Bg8+ Kg6 41. Rd6+ Kg5 42. Kg3 Bf8 43. Rd5 Bxa3 44. Rxe5+ Kf6 45. Rf5+ Kg7 46.
Ba2 Nb6 47. Rh5 Kg6 48. Rb5 Nd7 49. f4 Bc1 50. Nd5 Nf6 51. Rb6 a3 52. Nxf6 Kg7
53. Nh5+ 1-0

[Event "Gipuzkoako Txapelketa Nagusia"]
[Site "Donostia"]
[Date "2008.12.06"]
[Round "7.1"]
[White "Galarza Cenzano, Inigo"]
[Black "Arana Garate, Jon"]
[Result "1-0"]
[WhiteElo "2022"]
[BlackElo "1917"]
[PlyCount "73"]
[EventDate "2008.10.25"]
[EventRounds "7"]
[EventCountry "ESP"]

1. e4 c6 2. d4 d5 3. exd5 cxd5 4. Bd3 Nc6 5. Nf3 Bg4 6. c3 e6 7. Bf4 Bd6 8.
Bxd6 Qxd6 9. O-O Nf6 10. Re1 O-O 11. Nbd2 Bh5 12. Rc1 Rfd8 13. Qc2 Bg6 14. Ne5
Bxd3 15. Qxd3 Rab8 16. Ndf3 Ne4 17. c4 Nxe5 18. Nxe5 Nf6 19. c5 Qc7 20. b4 Rbc8
21. b5 Nd7 22. Nxd7 Qxd7 23. a4 Qc7 24. Qc3 Qf4 25. Re3 Re8 26. Rce1 Qc7 27. a5
a6 28. bxa6 bxa6 29. Rb1 Rb8 30. Rb6 Rxb6 31. axb6 Qb7 32. Qa5 Kf8 33. g3 Rc8
34. Rc3 e5 35. c6 Rxc6 36. Qxd5 Rxb6 37. Qd8# 1-0

[Event "Gipuzkoako Txapelketa Nagusia"]
[Site "Donostia"]
[Date "2008.12.06"]
[Round "7.1"]
[White "Sanz Perez, Eduardo"]
[Black "Irure Crespo, Egoitz"]
[Result "1-0"]
[WhiteElo "2184"]
[BlackElo "1935"]
[PlyCount "55"]
[EventDate "2008.10.25"]
[EventRounds "7"]
[EventCountry "ESP"]

1. f4 d5 2. e3 Nf6 3. Nf3 Bf5 4. b3 h6 5. Bb2 e6 6. Be2 Be7 7. O-O O-O 8. Ne5
Nbd7 9. Bf3 c6 10. Kh1 Nxe5 11. fxe5 Nd7 12. c4 dxc4 13. bxc4 Bd3 14. Be2 Nb6
15. Rf4 Bxe2 16. Qxe2 Na4 17. Ba3 Qc7 18. d4 c5 19. Nd2 Nb6 20. Qh5 cxd4 21.
Bxe7 Qxe7 22. exd4 Rac8 23. Ne4 Nd7 24. Raf1 Rc7 25. Nf6+ Kh8 26. Rh4 Rxc4 27.
Qg5 Nxf6 28. exf6 1-0

[Event "Gipuzkoako Txapelketa Nagusia"]
[Site "Donostia"]
[Date "2008.12.06"]
[Round "7.1"]
[White "Juez Villar, Erik"]
[Black "Olmo Vega, Diego"]
[Result "0-1"]
[WhiteElo "1960"]
[BlackElo "1977"]
[PlyCount "76"]
[EventDate "2008.10.25"]
[EventRounds "7"]
[EventCountry "ESP"]

1. d4 Nf6 2. c4 g6 3. Nc3 Bg7 4. e4 d6 5. Nf3 O-O 6. Be2 e5 7. d5 a5 8. Bg5 Na6
9. a3 Bd7 10. Nd2 Qe8 11. h3 Kh8 12. Be3 Ng8 13. f3 f5 14. Rb1 Nf6 15. b4 axb4
16. axb4 Nh5 17. c5 Nf4 18. Bf1 Qe7 19. g3 Nh5 20. c6 bxc6 21. dxc6 Be6 22. Bc4
fxe4 23. Bxe6 Qxe6 24. Ndxe4 Nf6 25. O-O Nxe4 26. fxe4 Qc4 27. Qd2 Rxf1+ 28.
Rxf1 Nxb4 29. Rc1 Nd3 30. Rc2 Ra1+ 31. Nd1 Qxe4 32. Bb6 Qf3 33. Ra2 Rxd1+ 34.
Qxd1 Qxd1+ 35. Kg2 Ne1+ 36. Kf2 Nd3+ 37. Kg2 Kg8 38. Bxc7 Qc1 0-1

[Event "Gipuzkoako Txapelketa Nagusia"]
[Site "Donostia"]
[Date "2008.12.06"]
[Round "7.1"]
[White "Tejedor Txapartegui, Nabar"]
[Black "Argandona Riveiro, Jon"]
[Result "0-1"]
[WhiteElo "2051"]
[BlackElo "1983"]
[PlyCount "66"]
[EventDate "2008.10.25"]
[EventRounds "7"]
[EventCountry "ESP"]

1. e4 d6 2. d4 Nf6 3. Nc3 e5 4. Nf3 Nbd7 5. g4 Nxg4 6. Rg1 exd4 7. Qxd4 Nde5 8.
Nxe5 dxe5 9. Qxd8+ Kxd8 10. h3 Nf6 11. Bg5 c6 12. O-O-O+ Ke8 13. Bh4 Be6 14.
Rg3 Nd7 15. Ne2 f6 16. f4 exf4 17. Nxf4 Bf7 18. Rgd3 Ne5 19. Bg3 Nxd3+ 20. Nxd3
Rd8 21. Re1 Bc4 22. e5 f5 23. e6 Be7 24. Ne5 Bxe6 25. Nxc6 bxc6 26. Rxe6 Kf7
27. Re1 Bg5+ 28. Kb1 Rhe8 29. Bc4+ Kf6 30. Rf1 Re3 31. Bf2 Rf3 32. Be2 Rf4 33.
a4 Rd2 0-1

[Event "Gipuzkoako Txapelketa Nagusia"]
[Site "Donostia"]
[Date "2008.12.06"]
[Round "7.1"]
[White "Alcaide Luque, Aitor"]
[Black "Galarraga Lasa, Jon Gurutz"]
[Result "1-0"]
[WhiteElo "2144"]
[BlackElo "1814"]
[PlyCount "77"]
[EventDate "2008.10.25"]
[EventRounds "7"]
[EventCountry "ESP"]

1. Nf3 Nf6 2. c4 e6 3. d4 b6 4. g3 Bb7 5. Bg2 Be7 6. Nc3 O-O 7. d5 exd5 8. Nd4
c5 9. Nf5 h6 10. Bf4 d6 11. Nxd5 Nxd5 12. Bxd5 Nc6 13. Qd2 Re8 14. Bxh6 Bf8 15.
Bf4 Qd7 16. Nh4 Nd4 17. e3 Bxd5 18. cxd5 Qg4 19. O-O Ne2+ 20. Kg2 Nxf4+ 21.
exf4 Be7 22. Nf3 Bf6 23. Rae1 Qd7 24. h4 Qb5 25. b3 a5 26. Qc2 Rac8 27. Qc4 Qb4
28. Qd3 b5 29. a3 Qxa3 30. Qxb5 Red8 31. Re3 Qb4 32. Qd3 c4 33. bxc4 Rxc4 34.
Rfe1 Rcc8 35. Ng5 g6 36. h5 Rc3 37. Re8+ Kg7 38. h6+ Kxh6 39. Rh1+ 1-0

[Event "Gipuzkoako Txapelketa Nagusia"]
[Site "Donostia"]
[Date "2008.12.06"]
[Round "7.1"]
[White "Izagirre Alsua, Aritz"]
[Black "Cantabrana Garona, Alejandro"]
[Result "1/2-1/2"]
[WhiteElo "1807"]
[BlackElo "1834"]
[PlyCount "51"]
[EventDate "2008.10.25"]
[EventRounds "7"]
[EventCountry "ESP"]

1. e4 c5 2. Nc3 e6 3. d3 d6 4. g3 Nc6 5. Bg2 g6 6. f4 Bg7 7. Nf3 Nge7 8. O-O
O-O 9. Be3 Nd4 10. Qd2 Nec6 11. Rab1 e5 12. Ne2 Nxf3+ 13. Rxf3 Bg4 14. Rff1 Rb8
15. f5 Bxe2 16. Qxe2 f6 17. c3 b5 18. Qg4 g5 19. h4 h6 20. hxg5 hxg5 21. Bf3
Kf7 22. Bd1 Ke7 23. Bb3 Rh8 24. Kg2 a5 25. Rh1 b4 26. Rxh8 1/2-1/2

[Event "Gipuzkoako Txapelketa Nagusia"]
[Site "Donostia"]
[Date "2008.12.06"]
[Round "7.1"]
[White "Sanchez Ruesga, Hector"]
[Black "Corral Sierra, Javier"]
[Result "0-1"]
[WhiteElo "1783"]
[BlackElo "2116"]
[PlyCount "76"]
[EventDate "2008.10.25"]
[EventRounds "7"]
[EventCountry "ESP"]

1. d4 Nf6 2. c4 g6 3. Nc3 Bg7 4. Nf3 O-O 5. g3 d6 6. Bg2 Nc6 7. O-O Bf5 8. Re1
Ne4 9. Nxe4 Bxe4 10. d5 Bxf3 11. exf3 Nd4 12. Re4 c5 13. Rb1 e5 14. dxe6 fxe6
15. f4 Qa5 16. a3 Qa6 17. b4 Qxc4 18. bxc5 d5 19. Rb4 Qxc5 20. Re1 Nc2 21. Rxe6
Nxb4 22. axb4 Qxb4 23. Qxd5 Kh8 24. Qxb7 Qxb7 25. Bxb7 Rab8 26. Re7 Bf6 27. Rc7
Rfe8 28. Ba3 Bd4 29. Be7 a5 30. g4 Rg8 31. Kf1 Rbe8 32. f5 gxf5 33. gxf5 Rg4
34. f3 Rg1+ 35. Ke2 Bf6 36. Kf2 Bd4+ 37. Ke2 Rg7 38. Kd3 Rgxe7 0-1

[Event "Gipuzkoako Txapelketa Nagusia"]
[Site "Donostia"]
[Date "2008.12.06"]
[Round "7.1"]
[White "Urretavizcaya Merino, Asier"]
[Black "Kuende Gorostidi, Jon"]
[Result "1-0"]
[WhiteElo "2066"]
[BlackElo "1826"]
[PlyCount "45"]
[EventDate "2008.10.25"]
[EventRounds "7"]
[EventCountry "ESP"]

1. Nf3 Nf6 2. g3 b6 3. Bg2 Bb7 4. d4 e6 5. c4 d5 6. O-O Ne4 7. cxd5 exd5 8.
Nfd2 f5 9. Nc3 Be7 10. Nf3 Nd7 11. Bf4 Bd6 12. Bxd6 Nxd6 13. Qb3 c6 14. Rac1
Nf6 15. Ne5 Nde4 16. Nxe4 Nxe4 17. Nxc6 Bxc6 18. Rxc6 O-O 19. e3 Kh8 20. Rfc1
Rf7 21. Qd3 Qd7 22. Qa6 h5 23. Rxb6 1-0

[Event "Gipuzkoako Txapelketa Nagusia"]
[Site "Donostia"]
[Date "2008.12.06"]
[Round "7.1"]
[White "Puga Senar, Fernando"]
[Black "Guerrero Itarte, Alfredo"]
[Result "1/2-1/2"]
[WhiteElo "1704"]
[BlackElo "1910"]
[PlyCount "49"]
[EventDate "2008.10.25"]
[EventRounds "7"]
[EventCountry "ESP"]

1. d4 Nf6 2. c4 g6 3. Nc3 Bg7 4. e4 d6 5. f4 O-O 6. Nf3 c5 7. d5 e6 8. Bd3 b5
9. Nxb5 exd5 10. cxd5 Re8 11. Nc3 Nxe4 12. Nxe4 f5 13. Nfd2 fxe4 14. Be2 Qh4+
15. g3 Qh3 16. Bf1 Qd7 17. Nc4 Na6 18. Bd2 Nb4 19. Bxb4 cxb4 20. Rc1 e3 21. Be2
Ba6 22. O-O Bxc4 23. Rxc4 Bxb2 24. Rxb4 Ba3 25. Rb3 1/2-1/2

[Event "Gipuzkoako Txapelketa Nagusia"]
[Site "Donostia"]
[Date "2008.12.06"]
[Round "7.1"]
[White "Iglesias Gonzalez, Veronica"]
[Black "Lazkano Gaite, Tomas"]
[Result "1-0"]
[WhiteElo "1805"]
[BlackElo "1776"]
[PlyCount "105"]
[EventDate "2008.10.25"]
[EventRounds "7"]
[EventCountry "ESP"]

1. c4 Nf6 2. Nc3 g6 3. d4 Bg7 4. Nf3 d6 5. g3 O-O 6. Bg2 Nbd7 7. O-O c5 8. dxc5
Nxc5 9. Be3 a5 10. Nd2 Bf5 11. Bxc5 dxc5 12. e4 Bg4 13. f3 Be6 14. Qe2 Nd7 15.
Rac1 Ne5 16. Nd5 Nc6 17. Nb3 a4 18. Na1 Bd7 19. f4 e6 20. Ne3 b5 21. e5 Rc8 22.
Bxc6 Bxc6 23. cxb5 Be4 24. Rfd1 Bd5 25. b3 axb3 26. axb3 Qb6 27. Nxd5 exd5 28.
Rxd5 Rfd8 29. Rxd8+ Rxd8 30. Qc4 Bf8 31. Nc2 Ra8 32. Rd1 Ra5 33. Rd7 Qe6 34.
Rc7 Qf5 35. b6 Ra2 36. Rxf7 Qxf7 37. Qxf7+ Kxf7 38. b7 Rxc2 39. b8=Q Be7 40.
Qb7 Rd2 41. Qc6 Rd4 42. Kg2 Rb4 43. e6+ Kf6 44. Qd5 Kg7 45. f5 Rd4 46. Qe5+ Bf6
47. Qxc5 gxf5 48. Qc7+ Kg6 49. Qf7+ Kg5 50. h4+ Kg4 51. Qg8+ Kh5 52. Qxh7+ Kg4
53. Qg6+ 1-0

[Event "Gipuzkoako Txapelketa Nagusia"]
[Site "Donostia"]
[Date "2008.12.06"]
[Round "7.1"]
[White "Garro Beraza, Julen"]
[Black "Nogues Fernandez, Ramon"]
[Result "1/2-1/2"]
[WhiteElo "1761"]
[BlackElo "1824"]
[PlyCount "62"]
[EventDate "2008.10.25"]
[EventRounds "7"]
[EventCountry "ESP"]

1. e4 e5 2. Nf3 Nc6 3. Bb5 a6 4. Ba4 Nf6 5. O-O Be7 6. Re1 b5 7. Bb3 O-O 8. d3
d6 9. c3 Nd7 10. d4 Bf6 11. Be3 exd4 12. cxd4 Na5 13. Bc2 Nc4 14. Bc1 c5 15.
Nc3 cxd4 16. Nd5 d3 17. Nxf6+ Qxf6 18. Qxd3 Nc5 19. Qd4 Qxd4 20. Nxd4 Bb7 21.
b3 Ne5 22. Ba3 Ncd3 23. Bxd3 Nxd3 24. Re3 Nc5 25. f3 g6 26. e5 dxe5 27. Rxe5
Nd7 28. Re7 Rfd8 29. Rc1 Bd5 30. Ne2 Nf8 31. Nf4 Ne6 1/2-1/2